| 000 | 00354nam a22001337a 4500 | ||
|---|---|---|---|
| 082 |
_a355.411 _bFUR |
||
| 100 |
_aColnel G A Furse, CB _949549 |
||
| 245 | _aThe art of marching | ||
| 260 |
_aLondon _bWilliam clowes & sons, limited _c1901 |
||
| 300 |
_aP-583 _bIllus |
||
| 526 |
_a0 _b0 _c0 _d355_411000000000000_FUR |
||
| 650 |
_aMCE _9379 |
||
| 942 |
_2ddc _cBK |
||
| 999 |
_c552326 _d552326 |
||